MLB Pitching Aces 2013 - Statistics

General Stats
  • This quiz has been taken 513 times
  • The average score is 12 of 30
Answer Stats
Team Pitcher % Correct
Los Angeles Dodgers Clayton Kershaw
87%
Detroit Tigers Justin Verlander
83%
Seattle Mariners Felix Hernandez
69%
New York Yankees C.C. Sabathia
68%
Tampa Bay Rays David Price
65%
St. Louis Cardinals Adam Wainwright
64%
Boston Red Sox Jon Lester
63%
Washington Nationals Stephen Strasburg
60%
San Francisco Giants Matt Cain
58%
Chicago White Sox Chris Sale
55%
Cincinnati Reds Johnny Cueto
55%
Philadelphia Phillies Roy Halladay
55%
Los Angeles Angels Jered Weaver
52%
Toronto Blue Jays R.A. Dickey
49%
Kansas City Royals James Shields
40%
New York Mets Johan Santana
40%
Atlanta Braves Tim Hudson
34%
Milwaukee Brewers Yovani Gallardo
32%
Pittsburgh Pirates A.J. Burnett
30%
Arizona Diamondbacks Ian Kennedy
29%
Cleveland Indians Justin Masterson
21%
Houston Astros Bud Norris
16%
Baltimore Orioles Jason Hammel
16%
Miami Marlins Ricky Nolasco
15%
Colorado Rockies Jhoulys Chacin
14%
San Diego Padres Edinson Volquez
13%
Texas Rangers Matt Harrison
13%
Chicago Cubs Jeff Samardzija
12%
Oakland Athletics Brett Anderson
11%
Minnesota Twins Vance Worley
6%
No matching quizzes found
Score Distribution
Percent of People with Each Score
Percentile by Number Answered
Your Score History
You have not taken this quiz